1329 1586 1653 1541 1131 1046 1683 1823 1746 1168 1654 1781 1077 1117 1022 1861 1844 1543 1569 1725 1314 1966 1904 1013 1702 1671 1043 1127 1596 1723 1973 1969 1030 1313 1596 1299 1809 1907 1053 1362 1101 1112 1484 1266 1484 1698 1573 1273 1179 1204 1624 1685 1769 1145 1512 1578 1541 1759 1930 1105 1014 1871 1470 1192 1730 1424 1900 1786 1702 1490 1439 1828 1759 1005 1612 1102 1914 1213 1116 1033 1802 1200 1568 1368 1918 1483 1927 1337 1897 1374 1453 1134 1449 1752 1754 1412 1244 1255 1599 BCNSPRNW ULIB Ver.6.0+V

เปลี่ยนเป็นภาษาไทย

Change to English
 แสดงรายละเอียดบรรณานุกรม
  กลับหน้าหลัก

Brief Record : Get Marc (ISO 2709) : E-mail record : QR code < ปิดหน้าต่าง
LEADER : 00000nam 2200000uu 4500
001    13399114560
003     ULIB
008    110627s2550||||th 000 0 tha d
020    9789749899403
090    นว.^bย731ค ล.10
100 0  โยโคมิโซะ เซซิ
245 00 คินดะอิจิยอดนักสืบ ตอนที่ 10 คฤหาสน์เขาวงกต /^cโยโคมิโซะ เซซิ
250    พิมพ์ครั้งที่ 2
260    กรุงเทพฯ :^bBLISS publishing,^c2550
300    367 หน้า
710 1  BLISS publishing
945    ^p265^l0^i022064
995    ทศพร
999 ^a ใช้งานได้ทุกระบบ
รายการนี้ยังไม่มีแท็ก
คุณยังไม่ได้ล็อกอิน คุณสามารถมีกิจกรรมร่วมกับเว็บไซต์ได้ แต่ต้องล็อกอินก่อน ::
  ล็อกอิน

รายการสื่อสารสนเทศ

ลำดับที่ ประเภท เลขเรียก/บาร์โค้ด สถานที่ สถานะ
1. นวนิยาย
นวนิยาย
นว. ย731ค ล.10 ฉ.1 
  Barcode: 022064
ห้องสมุดวิทยาเขตสวรรค์ประชารักษ์
►นวนิยาย
บนชั้น
  ขอยืม

รายการใกล้เคียง
    ผู้แต่ง [โยโคมิโซะ เซซิ]

BibComment


ยังไม่เคยถูกคอมเมนท์

คอมเมนท์ทรัพยากรรายการนี้
  คอมเมนท์: คินดะอิจิยอดนักสื..


 Copyright 2026. Bcnsprnw @Library